000 00429nam a22001577a 4500
003 OSt
005 20251031090637.0
008 251031b |||||||| |||| 00| 0 eng d
022 _a0040-5639
100 _aPietro Lorenzo Maggioni
245 _aROCCA, PAOLO:
_bGesu, messaggero del Signore
260 _aUSA,
_bSages Productions;
_c2018
300 _aP.182-183
440 _aTheological Studies
_nNo.1
_vVol.79
942 _2lcc
_cART
999 _c204996
_d204956